000 00663nam a2200181Ia 4500
008 090124s9999 xx 000 0 und d
082 _b124727
100 _aढोले अनंत विष्णु
245 _a शून्यातून अनंत आत्मनिवेदन
250 _a1
260 _c1991
300 _a104
600 _aढोले अनंत विष्णु
630 _a शून्यातून अनंत आत्मनिवेदन
700 _aढोले अनंत विष्णु
730 _a शून्यातून अनंत आत्मनिवेदन
942 _cBOOK
999 _c170814
_d170814